[Event "Stay Safe Play From Home 346"]
[Site "Emanuel Lasker Arena"]
[Date "2020.07.31"]
[Round "1"]
[White "AChessPlayer"]
[Black "Padmaesh M K"]
[Result "1-0"]
[WhiteElo "2395"]
[BlackElo "1904"]
[Annotator "TA"]
[PlyCount "78"]
[EventDate "2020.07.31"]
[EventType "swiss (blitz)"]

{[%evp 9,78,-6,-10,-10,4,0,-21,-1,27,24,50,3,10,9,14,0,0,0,2,0,1,3,13,-12,25,8,180,38,51,50,112,108,116,31,124,57,387,365,376,395,376,322,330,314,314,291,276,268,310,277,365,345,364,270,322,305,493,383,487,480,427,235,29981,29985,29992,29991,29996,29994,29997,29995,29997]} 1. Nf3 d6 2. e3 e5 3. b3 {[#]} e4 $146 ({Predecessor:} 3... Nd7 4. c4 g6 5. Bb2 Bg7 6. d4 e4 7. Nfd2 f5 8. Nc3 c6 9. Be2 Ndf6 10. b4 d5 {1-0 (37) Szmyd,M (1885)-Jablonski,H (1576) Jastrzebia Gora 2019}) 4. Nd4 c5 5. Ne2 d5 6. Bb2 {A04: Unusual lines after 1 Nf3 and King's Indian Attack.} Nf6 7. d3 exd3 8. cxd3 {The position is equal.} Be6 9. Nf4 Nbd7 10. Qc2 Bd6 11. Nxe6 fxe6 12. Nd2 O-O 13. Be2 Qc7 14. Nf3 Ne5 15. Rc1 Rac8 16. h3 b6 17. O-O Nfd7 $2 (17... Nxf3+ $11 18. Bxf3 e5) 18. Nxe5 (18. Ng5 $18 {d4 is the strong threat.} Rfe8 19. d4) 18... Nxe5 19. d4 Ng6 ({Better is} 19... Nd7 $14) 20. dxc5 bxc5 21. Bg4 (21. Bd3 $16) 21... Rce8 (21... Qe7 $14) 22. Rcd1 (22. g3 $16) 22... Be7 $2 {[%mdl 8192]} (22... a5 $14) 23. Bxe6+ $18 {[%mdl 64] [#] Double Attack} Kh8 24. Bxd5 Bf6 25. Bc4 Bxb2 26. Qxb2 Ne5 27. Rd5 Nxc4 28. bxc4 Rf6 29. Rfd1 Rg6 30. Rd7 Qc6 {[%csl Gg6][%cal Rc6g2]} 31. f4 h6 32. R1d5 (32. Rxa7 Qf3 $16) 32... Kh7 $2 (32... Qe6 33. Qf2 (33. Rxa7 Qxe3+ 34. Qf2 Qxh3 $11) 33... Qxe3 34. Qxe3 (34. Rxc5 Qc1+ 35. Kh2 Re1 $11) (34. Rxa7 Qxh3 35. Re5 Rxe5 $11) 34... Rxe3) 33. Kh2 Qf6 34. Qxf6 Rxf6 {KRR-KRR} 35. Re5 (35. Rxc5 $142 {Hoping for Rcc7.} Rxe3 36. Rcc7) 35... Ra6 $2 (35... Rxe5 $18 36. fxe5 Ra6) 36. Rxe8 {White mates.} Rxa2 {[#]} 37. Ree7 $1 a5 38. Rxg7+ Kh8 39. f5 Rxg2+ {Accuracy: White = 57%, Black = 31%.} 1-0

[Event "Stay Safe Play From Home 346"]
[Site "Emanuel Lasker Arena"]
[Date "2020.07.31"]
[Round "1"]
[White "Tolka"]
[Black "SelamiSahin"]
[Result "1-0"]
[WhiteElo "2259"]
[BlackElo "2116"]
[Annotator "TA"]
[PlyCount "61"]
[EventDate "2020.07.31"]
[EventType "swiss (blitz)"]

{[%evp 9,61,25,23,0,0,-42,13,-2,0,-1,19,23,83,94,116,85,118,128,168,74,105,59,52,65,204,177,198,68,238,93,110,0,0,0,89,-76,-93,-136,-95,-71,-59,-44,45,0,121,104,310,294,289,290,29987,891,29997,29998]} 1. Nf3 c6 2. g3 d5 3. Bg2 Nf6 4. O-O g6 5. d3 Bg7 6. Qe1 {A07: Réti Opening: New York and Capablanca Systems.} O-O 7. Nbd2 Bg4 (7... Re8 $15) 8. c3 {[#] The position is equal.} Nbd7 $146 ({Predecessor:} 8... Qd7 9. Ne5 Qe6 10. Nxg4 Qxg4 11. h3 Qc8 12. e4 dxe4 13. dxe4 e6 14. Qe2 Nbd7 15. Nc4 {½-½ (63) Mourgues,J (1767)-Stepenko,R (1580) St Chely d'Aubrac 2008}) 9. e4 Bxf3 10. Nxf3 e6 (10... e5 $11) 11. e5 $16 {Black must now prevent Bg5.} Ne8 12. d4 $36 {[%mdl 2048] Black is under strong pressure.} c5 13. Bg5 Qb6 14. Qd2 (14. Be7 $1 $18 {is more deadly.}) 14... Nc7 15. Bh6 cxd4 16. cxd4 Nb5 (16... Na6 $14) 17. Bxg7 $1 $18 Kxg7 18. h4 (18. a4 $1 $18) 18... h5 $2 {[#]} (18... a5 $14) 19. Rad1 (19. a4 $1 $18) 19... Rac8 {[%cal Ba8c8,Bc8c4,Bc4c2,Bc2a2][%mdl 32]} 20. Ng5 (20. a4 $16 Nc7 21. b4) 20... Rc4 $11 {[%cal Rc4d4]} 21. Nf3 Rfc8 (21... Nb8 $11 {remains equal.}) 22. b3 $2 (22. Qf4 $16 {stays on course.}) 22... Rc2 $17 23. Qg5 Rxa2 24. g4 hxg4 25. Qxg4 Rh8 ({Better is} 25... Qd8 $15) 26. Ng5 Qd8 {[#]} (26... Nc3 $11 {keeps the balance.} 27. Rde1 Nb5) 27. Rd3 $1 $16 {[%cal Rd3f3] And now Rf3 would win.} Rh5 $2 (27... Qe7 $16) 28. Rf3 Rxg5 29. hxg5 Qe7 $2 (29... Nxd4 $18 30. Qxd4 Qxg5) 30. Rh3 (30. Qh4 $142 Qxg5 31. Qxg5 Nxd4 32. Rh3 f6 33. Qh6+ Kf7 34. Qh7+ Ke8 35. Qg8+ Nf8 36. Rh7 Nf3+ 37. Bxf3 fxe5 38. Qf7+ {[%mdl 64] Double Attack} Kd8 39. Qxf8#) 30... Kg8 31. Qh4 {Accuracy: White = 44%, Black = 28%.} 1-0

[Event "Stay Safe Play From Home 346"]
[Site "Emanuel Lasker Arena"]
[Date "2020.07.31"]
[Round "1"]
[White "Stefanone"]
[Black "Mepe_Nika"]
[Result "1/2-1/2"]
[WhiteElo "2057"]
[BlackElo "2442"]
[Annotator "TA"]
[PlyCount "138"]
[EventDate "2020.07.31"]
[EventType "swiss (blitz)"]

{[%evp 9,138,14,14,15,11,-18,-16,-15,0,-2,0,-25,0,-10,0,-6,0,0,0,0,0,0,0,-54,-54,-123,0,0,-11,-7,0,0,5,0,5,0,0,-130,6,0,0,0,0,0,0,0,0,0,0,0,1283,0,0,0,0,0,0,0,0,0,32,32,32,32,32,32,120,0,0,0,0,0,0,0,0,0,0,0,0,0,0,0,0,0,0,0,0,-29973,-29972,-29977,-29978,-29979,-29978,-29981,-29982,-29981,-29978,-29978,-29979,-29979,-29976,-29975,-29972,-29971,-29973,-29974,-29975,-29977,-29976,-29977,-29978,-29978,-29979,-29978,-29979,-29985,-29984,-29987,-29986,-29992,-29981,-29981,-29982,-29984,-29985,-29993,0,-29979,0,-29993,0]} 1. d4 d5 2. e3 Nf6 3. Nf3 c6 4. b3 Bg4 5. Bb2 e6 6. Be2 {D04: Colle System.} Nbd7 7. Ne5 Bxe2 8. Qxe2 {[#] The position is equal.} Nxe5 $146 (8... Qa5+ {looks sharper.} 9. Bc3 Qc7 10. O-O a5 11. Bb2 a4) ({Predecessor:} 8... Bb4+ 9. c3 Bd6 10. f4 Ne4 11. O-O O-O 12. Nd2 Nxd2 13. Qxd2 Nf6 14. c4 Ne4 {0-1 (22) Punt,R (1876)-Dgebuadze,A (2505) Brasschaat 2018}) 9. dxe5 Nd7 10. f4 Be7 11. O-O O-O 12. Nd2 f6 13. exf6 Bxf6 14. Bxf6 Nxf6 15. c4 a5 16. cxd5 (16. Rab1 $11) 16... exd5 $15 17. e4 (17. Qd3 $15) 17... Qb6+ ({Better is} 17... Nxe4 $17 {White must now prevent ...Qb6+.} 18. Nxe4 Re8 {[%mdl 64] Pin}) 18. Kh1 $11 dxe4 19. Nxe4 Nxe4 20. Qxe4 Kh8 21. Rad1 Rae8 22. Qf3 Qb4 23. Rd7 {[#]} (23. g3 $11) 23... Re7 (23... Rxf4 $1 $17 {[%mdl 512]} 24. Qd1 (24. Qxf4 Qxf4) 24... Rxf1+ 25. Qxf1 h6) 24. Rxe7 Qxe7 {[%mdl 4096] Endgame KQR-KQR} 25. g4 h6 26. Rf2 Qe1+ 27. Kg2 Rd8 28. f5 Rd1 29. Kh3 (29. f6 {with more complications.} Qh1+ 30. Kg3 Qxf3+ 31. Rxf3 Kg8 32. fxg7 Kxg7 33. h4) 29... Qe7 $2 {[%mdl 8192]} (29... Rd3 $11 30. Qxd3 Qxf2) 30. f6 $2 (30. Qxd1 $18 h5 31. gxh5) 30... Qxf6 31. Qxf6 gxf6 32. Rxf6 {KR-KR} Rd2 33. Rf7 Rxa2 34. Rxb7 Ra3 35. Kh4 {aiming for Kh5.} a4 36. bxa4 Rxa4 37. Kh5 {Strongly threatening h3.} c5 (37... Rd4 $14) 38. Kg6 ({Much weaker is} 38. Kxh6 $6 Rxg4 39. Kh5 Rb4 $11) (38. Rb6 $16) 38... Ra6+ 39. Kh5 Rc6 40. Rb2 c4 41. Rc2 c3 42. h4 Kg7 43. g5 hxg5 44. hxg5 Kf7 45. Kg4 Ke6 46. Kf4 Kd5 47. Ke3 Kc4 48. Ke2 $2 {[%mdl 8192]} (48. Rg2 $11) 48... Rg6 49. Kf3 Rxg5 50. Kf4 Rd5 51. Ke4 Rd2 52. Rc1 Kb3 53. Ke3 Kb2 54. Rg1 Rc2 55. Rg6 Rc1 56. Rb6+ Kc2 57. Kd4 Rd1+ 58. Kc4 Rd3 59. Kb4 Kd2 60. Rg6 c2 61. Rg2+ Kc1 62. Rg1+ Rd1 63. Rg2 Kb2 64. Rg3 Kb1 65. Rb3+ {[#]} Kc1 $1 66. Rc3 Kd2 67. Rb3 Kc1 68. Rc3 Kd2 69. Rb3 $1 Kc1 $2 {Never resign too early! Accuracy: White = 83%, Black = 84%.} (69... c1=Q {mates} 70. Rg3 Qc6 71. Rg2+ Qxg2 72. Kc4 Ke3 73. Kb5 Qb7+ 74. Kc5 Ke4 75. Kc4 Rc1#) 1/2-1/2

[Event "Stay Safe Play From Home 346"]
[Site "Emanuel Lasker Arena"]
[Date "2020.07.31"]
[Round "1"]
[White "Hickey"]
[Black "NTBT_DHS"]
[Result "0-1"]
[WhiteElo "2017"]
[BlackElo "2603"]
[Annotator "TA"]
[PlyCount "48"]
[EventDate "2020.07.31"]
[EventType "swiss (blitz)"]

{[%evp 11,48,12,21,4,12,7,13,7,12,17,7,-20,-24,-50,-52,-47,-48,-48,-9,-38,-25,-119,-120,-112,-41,-173,-116,-153,-122,-345,-363,-400,-395,-719,-691,-680,-681,-29996,-29997]} 1. Nf3 d5 2. g3 Nf6 3. Bg2 c6 4. O-O Bf5 5. d3 e6 6. Nbd2 Nbd7 7. b3 {A07: Réti Opening: New York and Capablanca Systems.} Be7 8. Bb2 O-O 9. Qe1 {The position is equal.} a5 $5 {[%mdl 4] Leaves trodden paths.} 10. e4 Bg6 {[#]} 11. Qe2 $146 ({Predecessor:} 11. a3 a4 12. b4 c5 13. bxc5 dxe4 14. Nxe4 Bxe4 15. dxe4 Nxc5 16. Ne5 Qc7 17. Qe2 {½-½ (60) Levay,S (2327)-Salanki,E (2226) Hungary 2015}) 11... a4 12. Rad1 axb3 13. axb3 Ra2 14. Rb1 Qa5 15. e5 Ne8 16. Nh4 (16. Ra1 $11) 16... Bxh4 $1 $17 17. gxh4 Nc7 (17... Qb4 $17 18. Nf3 Nc7) 18. Bh3 (18. Ra1 $15) 18... h5 (18... Ra8 $19 19. Qe3 Qc5 20. Qxc5 Nxc5) 19. Bg2 Nb5 {Threatens to win with ...Nc3.} 20. Bf3 $2 (20. Ra1 $17) 20... Nc3 $19 21. Bxc3 Qxc3 {[%mdl 64] [#] Double Attack} 22. Bxh5 $2 (22. Rbc1) 22... Bxh5 23. Qxh5 {Now Nf3 and White clings on.} Qxd2 24. f4 Rxc2 {Accuracy: White = 16%, Black = 70%.} 0-1

[Event "Stay Safe Play From Home 346"]
[Site "Emanuel Lasker Arena"]
[Date "2020.07.31"]
[Round "1"]
[White "Edmatuag"]
[Black "SoulofWolf"]
[Result "0-1"]
[WhiteElo "1714"]
[BlackElo "2009"]
[Annotator "TA"]
[PlyCount "62"]
[EventDate "2020.07.31"]
[EventType "swiss (blitz)"]

{[%evp 9,61,-29,16,3,39,42,141,-77,-15,-7,45,-24,43,55,62,-5,16,0,50,-50,30,0,24,15,400,411,394,296,443,422,375,254,267,263,307,150,147,147,239,156,159,154,147,149,145,132,243,244,213,0,599,242,412,-29999]} 1. d3 c5 2. c3 e6 3. Nd2 {[#]} Nf6 $146 ({Predecessor:} 3... d5 4. Qc2 Nc6 5. Ngf3 Nf6 6. e4 Be7 7. Be2 O-O 8. O-O Qc7 9. Re1 b6 10. Bf1 Bb7 11. a3 a5 12. a4 {½-½ (12) Kindermann,S (2520)-Klinger,J (2465) Munich 1987}) 4. g3 d5 5. Bg2 Nbd7 6. f4 {A00: Irregular Openings.} Bd6 7. e4 O-O (7... Be7 $14) 8. Qc2 $2 (8. e5 $16 {is forced if you want to stay better.}) 8... dxe4 (8... e5 $17 9. Ne2 Ng4) 9. dxe4 $11 Bc7 (9... e5 $11) 10. Ne2 (10. e5 $1 $14 Nd5 11. Ne4) 10... Rb8 (10... e5 $11) 11. O-O $14 b5 12. e5 (12. c4 $14) 12... Nd5 $11 13. Ne4 Bb6 14. a3 (14. a4 $14) 14... Bb7 (14... c4+ $15 15. Nd4 Nc5) 15. Kh1 Ba8 16. c4 $40 {[%mdl 128] Black needs to defend precisely.} a6 $2 {[%mdl 8192]} (16... bxc4 $11 17. Rd1 f6) 17. cxd5 $18 Bxd5 18. Nd6 f6 (18... Bc7 {was necessary.} 19. Ne4 f5 20. exf6 Nxf6) 19. Bxd5 exd5 20. Be3 fxe5 21. fxe5 Nxe5 22. Rxf8+ (22. Bxc5 $18 {and the rest is easy. Nd4 is the strong threat.} Nc4 23. Nxc4 Bxc5 24. Ne5) 22... Qxf8 $16 23. Nf5 Nc4 (23... Qf7 $16) 24. Bf4 Re8 25. Nc3 d4 {[#] White must now prevent ...Qf7.} 26. Nd5 Bd8 {Threatens to win with ...Qf7.} 27. b3 Na5 (27... Ne5 $16 {is a better defense.}) 28. Nd6 $18 Re6 {[#]} 29. Ne4 $2 ({White should try} 29. b4 $1 $18 {[%cal Rb4c5]} g5 30. bxc5 (30. bxa5 gxf4 31. Ne4 Re5 $11) 30... gxf4 31. Nxf4 (31. gxf4 Kh8 $18)) 29... Nc6 $2 {[%mdl 8192]} (29... Qe8 $1 $11 {and Black has nothing to worry.} 30. Nxc5 Re2) 30. Rf1 (30. Nxc5 $142 Rg6 31. Re1) 30... Ne5 $2 (30... Qf5 31. Nef6+ Rxf6 32. Nxf6+ Qxf6) 31. Bxe5 $4 {[%mdl 8192]} (31. Nxc5 $18 Re8 32. Nxa6) 31... Qxf1# {What a bad dream for White. Accuracy: White = 31%, Black = 22%.} 0-1

[Event "Stay Safe Play From Home 346"]
[Site "Emanuel Lasker Arena"]
[Date "2020.07.31"]
[Round "1"]
[White "Haris kollari 13"]
[Black "Nuktotitakoi"]
[Result "0-1"]
[WhiteElo "1705"]
[BlackElo "2323"]
[Annotator "NA RC"]
[PlyCount "70"]
[EventDate "2020.07.31"]
[EventType "swiss (blitz)"]

1. e4 {[%emt 0:00:01]} e6 {[%emt 0:00:00]} 2. Nf3 {[%emt 0:00:01]} d5 {[%emt 0:00:00]} 3. exd5 {[%emt 0:00:01]} exd5 {[%emt 0:00:00]} 4. d4 {[%emt 0:00:01]} Nf6 {[%emt 0:00:00]} 5. c3 {[%emt 0:00:01]} c5 {[%emt 0:00:00]} 6. dxc5 {[%emt 0:00:02]} Bxc5 {[%emt 0:00:01]} 7. Bg5 {[%emt 0:00:02]} h6 {[%emt 0:00:01]} 8. Bh4 {[%emt 0:00:01]} O-O {[%emt 0:00:01]} 9. Be2 {[%emt 0:00:01]} Nc6 {[%emt 0:00:00]} 10. O-O {[%emt 0:00:01]} Re8 {[%emt 0:00:00]} 11. Re1 {[%emt 0:00:01]} Bf5 {[%emt 0:00:01]} 12. Nbd2 {[%emt 0:00:02]} Qd6 {[%emt 0:00:00]} 13. Nb3 {[%emt 0:00:01]} Bb6 {[%emt 0:00:00]} 14. Rc1 {[%emt 0:00:03]} Ne4 {[%emt 0:00:02]} 15. Nfd4 {[%emt 0:00:08]} Bg6 {[%emt 0:00:01]} 16. Bf3 {[%emt 0:00:03]} Rad8 {[%emt 0:00:03]} 17. Bxe4 {[%emt 0:00:03]} dxe4 {[%emt 0:00:00]} 18. Qe2 {[%emt 0:00:03]} Ne5 {[%emt 0:00:01]} 19. Rcd1 {[%emt 0:00:01]} Nd3 {[%emt 0:00:01]} 20. Rxd3 {[%emt 0:00:06]} exd3 {[%emt 0:00:00]} 21. Qxe8+ {[%emt 0:00:01]} Rxe8 {[%emt 0:00:00]} 22. Rxe8+ {[%emt 0:00:01]} Kh7 {[%emt 0:00:01]} 23. Re1 {[%emt 0:00:02]} d2 {[%emt 0:00:02]} 24. Rd1 {[%emt 0:00:01]} Bxd4 {[%emt 0:00:01]} 25. Nxd4 {[%emt 0:00:02]} Qf4 {[%emt 0:00:01]} 26. Bg3 {[%emt 0:00:01]} Qe4 {[%emt 0:00:00]} 27. h3 {[%emt 0:00:02]} Qe1+ {[%emt 0:00:01]} 28. Kh2 {[%emt 0:00:01]} Qxd1 {[%emt 0:00:01]} 29. Nf3 {[%emt 0:00:00]} Qe2 {[%emt 0:00:02]} 30. Nxd2 {[%emt 0:00:02]} Qxd2 {[%emt 0:00:00]} 31. Bf4 {[%emt 0:00:00]} Qxf4+ {[%emt 0:00:01]} 32. Kg1 {[%emt 0:00:01]} Qd2 {[%emt 0:00:00]} 33. Kh2 {[%emt 0:00:01]} Be4 {[%emt 0:00:00]} 34. f3 {[%emt 0:00:01]} Bxf3 {[%emt 0:00:00]} 35. Kg3 {[%emt 0:00:00]} Qxg2+ {[%emt 0:00:00] Time (Lag: Av=0.48s, max=1.0s)} 0-1

[Event "Stay Safe Play From Home 346"]
[Site "Emanuel Lasker Arena"]
[Date "2020.07.31"]
[Round "1"]
[White "Trotsky"]
[Black "Buzaglo"]
[Result "1-0"]
[WhiteElo "1505"]
[BlackElo "1883"]
[Annotator "NA RC"]
[PlyCount "55"]
[EventDate "2020.07.31"]
[EventType "swiss (blitz)"]

1. d4 {[%emt 0:00:01]} e6 {[%emt 0:00:00]} 2. e3 {[%emt 0:00:01]} d5 {[%emt 0:00:00]} 3. c4 {[%emt 0:00:01]} Nf6 {[%emt 0:00:00]} 4. Nc3 {[%emt 0:00:01]} c5 {[%emt 0:00:01]} 5. Qc2 {[%emt 0:00:01]} cxd4 {[%emt 0:00:00]} 6. exd4 {[%emt 0:00:01]} dxc4 {[%emt 0:00:01]} 7. Bxc4 {[%emt 0:00:02]} Bb4 {[%emt 0:00:00]} 8. Be3 {[%emt 0:00:01]} Bxc3+ {[%emt 0:00:00]} 9. bxc3 {[%emt 0:00:01]} O-O {[%emt 0:00:00]} 10. Nf3 {[%emt 0:00:01]} Nc6 {[%emt 0:00:01]} 11. O-O-O {[%emt 0:00:02]} a6 {[%emt 0:00:01]} 12. Bd3 {[%emt 0:00:01]} b5 {[%emt 0:00:01]} 13. Ng5 {[%emt 0:00:01]} h6 {[%emt 0:00:01]} 14. h4 {[%emt 0:00:01]} b4 {[%emt 0:00:03]} 15. Bh7+ {[%emt 0:00:02]} Kh8 {[%emt 0:00:02]} 16. d5 {[%emt 0:00:01]} exd5 {[%emt 0:00:02]} 17. Bd4 {[%emt 0:00:01]} Nxd4 {[%emt 0:00:03]} 18. Rxd4 {[%emt 0:00:01]} bxc3 {[%emt 0:00:01]} 19. Rg4 {[%emt 0:00:01]} Bxg4 {[%emt 0:00:01]} 20. f3 {[%emt 0:00:02]} Bh5 {[%emt 0:00:02]} 21. g4 {[%emt 0:00:01]} Bg6 {[%emt 0:00:01]} 22. Bxg6 {[%emt 0:00:01]} fxg6 {[%emt 0:00:00]} 23. Qxg6 {[%emt 0:00:01]} Qe8 {[%emt 0:00:02]} 24. Qc2 {[%emt 0:00:02]} Ne4 {[%emt 0:00:02]} 25. fxe4 {[%emt 0:00:02]} dxe4 {[%emt 0:00:00]} 26. Nxe4 {[%emt 0:00:01]} Rd8 {[%emt 0:00:04]} 27. Ng5 {[%emt 0:00:01]} Rd2 {[%emt 0:00:03]} 28. Qh7# {[%emt 0:00:01] (Lag: Av=0.41s, max=0.8s)} 1-0

[Event "Stay Safe Play From Home 346"]
[Site "Emanuel Lasker Arena"]
[Date "2020.07.31"]
[Round "2"]
[White "NTBT_DHS"]
[Black "Nuktotitakoi"]
[Result "1-0"]
[WhiteElo "2604"]
[BlackElo "2324"]
[Annotator "TA"]
[PlyCount "69"]
[EventDate "2020.07.31"]
[EventType "swiss (blitz)"]

{[%evp 9,69,8,25,20,18,25,22,-6,8,4,4,6,33,-27,9,0,0,-70,-15,-180,-109,-116,-108,-104,-96,-169,0,0,0,0,0,0,0,-40,-28,-56,428,426,567,448,417,321,316,-388,713,706,666,598,675,650,867,835,1266,1265,1273,1221,1202,1185,2595,1958,29994,29995]} 1. e4 d6 2. Nf3 Nf6 3. Bc4 g6 4. d3 Bg7 5. h3 c6 6. O-O {[#] B06: Modern Defence.} d5 $146 ({Predecessor:} 6... b5 7. Bb3 a5 8. a3 a4 9. Ba2 h6 10. e5 dxe5 11. Nxe5 O-O 12. Nxg6 Re8 13. Ne5 {0-1 (60) Barth,R (1306)-Mueller,D (1681) Binz 2016}) 7. exd5 cxd5 8. Bb5+ {The position is equal.} Nc6 9. Nc3 O-O 10. Re1 a6 11. Ba4 (11. Bxc6 $1 $14 bxc6 12. d4) 11... Bd7 (11... b5 $5 12. Bb3 $8 Bb7 $11) 12. Bf4 Rc8 13. Ne5 (13. Qd2 $11) 13... e6 (13... Nxe5 $15 14. Bxe5 Bxa4 15. Nxa4 d4) 14. Qf3 $2 (14. Bxc6 $11 Bxc6 15. d4) 14... Nxe5 (14... Nd4 $19 15. Qe3 Nf5) 15. Bxe5 $17 Bxa4 16. Nxa4 Rxc2 17. Bc3 {[#]} (17. Rec1 $17 Rxc1+ 18. Rxc1) 17... b5 $2 (17... d4 $1 $19 {[%cal Rd4c3]} 18. Bb4 Re8 19. Qxb7 Qd5 20. Qxd5 Nxd5) 18. Qd1 $11 {[#]} Rxf2 $1 {[%mdl 512]} 19. Kxf2 {Threatens to win with Nc5.} bxa4 20. Qxa4 Qb6+ 21. Kf1 Nh5 {[%cal Rh5g3]} 22. g4 Nf4 $2 {[%mdl 8192]} (22... d4 $1 $15 {keeps the upper hand.} 23. Bd2 Nf6) 23. Qxf4 $18 f6 24. d4 e5 25. Qf2 f5 {aiming for ...fxg4.} 26. dxe5 $4 {[%mdl 8192]} (26. Kg1 $18 {avoids the disaster.} fxg4 27. Qg2 exd4 28. Qxd5+ Kh8 29. Ba5 Qxb2 30. Rf1 gxh3 31. Bc7) 26... Qb5+ $4 {[%mdl 8192]} (26... fxg4 $19 27. Qxf8+ Bxf8 28. hxg4 d4) 27. Kg2 fxg4 28. Qe2 Qb7 {and the idea ...d4+ leaves Black hopeful.} 29. Kh2 g3+ 30. Kxg3 Bh6 31. Rf1 Re8 32. Qf3 Bg7 33. Rad1 Rd8 34. e6 {Qf7+ would kill now.} d4 35. Qxb7 {Accuracy: White = 48%, Black = 48%.} 1-0

[Event "Stay Safe Play From Home 346"]
[Site "Emanuel Lasker Arena"]
[Date "2020.07.31"]
[Round "2"]
[White "Mepe_Nika"]
[Black "Trotsky"]
[Result "1-0"]
[WhiteElo "2428"]
[BlackElo "1536"]
[Annotator "TA"]
[PlyCount "73"]
[EventDate "2020.07.31"]
[EventType "swiss (blitz)"]

{[%evp 9,73,23,58,52,66,50,162,25,86,12,79,65,46,58,75,68,93,92,151,30,118,-89,-25,-346,112,-479,-502,-497,151,-996,-44,-126,52,69,56,-22,607,604,712,549,559,488,487,483,470,482,471,464,597,591,678,535,589,583,559,-75,584,550,704,600,1352,428,1561,1301,1231,841]} 1. e4 c5 2. Nc3 e6 3. Nf3 d5 4. exd5 exd5 5. d4 Be6 6. Bb5+ {C10: French with 3 Nc3: Unusual Black 3rd moves and 3...dxe4.} Nc6 7. O-O Qc7 {[#]} (7... Nf6 $14) 8. Ne5 $146 (8. dxc5 $18 Nf6 9. Qd4) ({Predecessor:} 8. dxc5 O-O-O 9. Bxc6 bxc6 10. Qd4 Nf6 11. b4 Be7 12. Bf4 Qb7 13. Ng5 Nd7 14. Nxe6 fxe6 {1-0 (31) Klaeger,L-Gronau,P Hamburg 1957}) 8... Bd6 (8... Nf6 $11) 9. Re1 (9. Ba4 $1 $16) 9... O-O-O (9... Nge7 $11) 10. Nxc6 bxc6 11. Ba6+ Kd7 12. dxc5 $1 Bxh2+ 13. Kh1 {aiming for Qh5.} Nf6 {[#]} (13... Be5 $142) 14. Ne4 (14. Qd4 $1 $16) 14... Ng4 {[#]} (14... h5 $11 {keeps the balance.}) 15. f3 $2 (15. g3 $1 $16) 15... h5 (15... Ke7 $17 16. Bg5+ f6) 16. Nd6 $2 {[%mdl 8192]} ({Wrong is} 16. fxg4 $2 hxg4 17. Re2 Bf4+ 18. Kg1 Bxc1 $19) (16. Qd2 $11) 16... Rdf8 $2 (16... Nf2+ $19 17. Kxh2 Nxd1 18. Rxd1 Rb8) 17. Qd3 $2 {[%mdl 8192]} (17. Qd4 $16 {is forced if you want to stay better. Strongly threatening Rxe6.} Qa5 {[%mdl 64] Double Attack} 18. Bf4 Bxf4 19. Qxf4 Qxa6 20. fxg4) 17... Bxd6 $19 18. cxd6 Qxd6 $2 (18... Nf2+ $19 19. Kg1 Nxd3 20. dxc7 Nxe1) 19. f4 $2 (19. fxg4 $16 hxg4+ 20. Kg1) 19... g5 $2 (19... Nf2+ $19 20. Kh2 Nxd3 21. Bxd3 Bg4) 20. Rf1 (20. Qd4 $15) 20... gxf4 $2 ({Black should play} 20... h4 $17 {...h3! is the strong threat.} 21. Qd4 h3) 21. Bxf4 $14 Ne5 $1 {[%cal Re5d3]} 22. Qg3 (22. Qd4 $14 f6 23. Rae1 (23. Qxa7+ Qc7 $14)) 22... Qe7 $2 {[%mdl 8192] Black is on the road to losing.} (22... f6 $11) 23. Bxe5 $18 Rfg8 24. Qh2 Rg4 25. Bxh8 Rh4 26. Bf6 Rxh2+ 27. Kxh2 Qd6+ 28. Kh1 d4 29. Rae1 Bd5 30. Be5 Qg6 {[%csl Gd5][%cal Rg6g2]} 31. Rf2 Qg5 32. Ref1 $2 ({Better is} 32. Kg1 $18) 32... Qh4+ $2 {[%mdl 8192]} (32... Qxe5 $17 33. b3 Be6) 33. Bh2 {White is clearly winning.} f5 34. Rxf5 Be6 35. Rf7+ (35. Rf8 $142 Ke7 36. Ra8) 35... Kd8 (35... Bxf7 $142 36. Rxf7+ Kd8) 36. R7f6 Ke7 37. Rf8 {Accuracy: White = 23%, Black = 20%.} 1-0